000 00577nam a22002052 4500
001 0000004571
005 20151217145817.0
008 070525s xx 000 0 eng d
020 _a8121923581 :
_cKES 1,100
040 _aKABU
_cKABU
050 0 _aQP251.2
_b.B34
100 1 _aBahl, Arun.
_@0000155199
245 1 0 _aOrganic chemistry :
_bfor competitive examinations.
260 _aNew Delhi :
_bS. Chand,
_c2004.
300 _a854 p.
650 0 _aChemistry, Organic.
_@0000154158
908 _a070525
950 _@1
999 _c2785
_d2785